Counselling and group discussion (Record no. 226432)
[ view plain ]
| 000 -LEADER | |
|---|---|
| fixed length control field | 00935nam a22002057a 4500 |
| 005 - DATE AND TIME OF LATEST TRANSACTION | |
| control field | 20230208111941.0 |
| 008 - FIXED-LENGTH DATA ELEMENTS--GENERAL INFORMATION | |
| fixed length control field | 230125b ||||| |||| 00| 0 eng d |
| 020 ## - INTERNATIONAL STANDARD BOOK NUMBER | |
| International Standard Book Number | 9789391945152 |
| 040 ## - CATALOGING SOURCE | |
| Transcribing agency | AL |
| 041 ## - LANGUAGE CODE | |
| Language code of text/sound track or separate title | eng |
| 082 ## - DEWEY DECIMAL CLASSIFICATION NUMBER | |
| Edition number | 23 |
| Classification number | 158.3 |
| Item number | SHAC |
| 100 ## - MAIN ENTRY--PERSONAL NAME | |
| Personal name | Sharma Y K |
| 9 (RLIN) | 69790 |
| 245 ## - TITLE STATEMENT | |
| Title | Counselling and group discussion |
| 260 ## - PUBLICATION, DISTRIBUTION, ETC. | |
| Place of publication, distribution, etc. | Jaipur |
| Name of publisher, distributor, etc. | Mark Publishers |
| Date of publication, distribution, etc. | 2022 |
| 300 ## - PHYSICAL DESCRIPTION | |
| Extent | 233p. |
| Other physical details | HB |
| Dimensions | 23.5x16cm. |
| 365 ## - TRADE PRICE | |
| Source of price type code | General |
| Price type code | 22 |
| Price amount | ₹1091.00 |
| Currency code | ₹ |
| Unit of pricing | ₹1495.00 |
| Price note | 27% |
| Price effective from | 16-09-2022 |
| 520 ## - SUMMARY, ETC. | |
| Summary, etc. | Job opportunities and vacancies; how prepare job applications; preparing resume for best job selection; professional courses in modern time and interview techniques group counselling and group group discussion; letter writing skills; skills and time management; skills for success; importance of english in interviews; role of personality in english speaking. |
| 650 ## - SUBJECT ADDED ENTRY--TOPICAL TERM | |
| Source of heading or term | Psychology |
| Topical term or geographic name entry element | Applied Psychology |
| 9 (RLIN) | 69791 |
| 942 ## - ADDED ENTRY ELEMENTS (KOHA) | |
| Source of classification or shelving scheme | Dewey Decimal Classification |
| Koha item type | Book |
| Withdrawn status | Lost status | Source of classification or shelving scheme | Damaged status | Not for loan | Collection code | Home library | Current library | Date acquired | Source of acquisition | Cost, normal purchase price | Total Checkouts | Full call number | Barcode | Date last seen | Cost, replacement price | Price effective from | Koha item type |
|---|---|---|---|---|---|---|---|---|---|---|---|---|---|---|---|---|---|
| Dewey Decimal Classification | MSW | St Aloysius PG Library | St Aloysius PG Library | 01/21/2023 | Saraswati Publishers & Distributors | 1091.00 | SHAC PG024181 | PG024181 | 01/25/2023 | 1495.00 | 01/25/2023 | Book |